| 000 | 00687nam a22002297a 4500 | ||
|---|---|---|---|
| 003 | OSt | ||
| 005 | 20140310181748.0 | ||
| 008 | 130625t xxu||||| |||| 00| 0 eng d | ||
| 020 | _a9780956087300 | ||
| 050 |
_aPE 1471 _b.Z91 2009 |
||
| 082 |
_aIB 808.4 _bZ7 2009 |
||
| 100 | _a Zouev, Alexander | ||
| 245 |
_aThree : _bthe ultimate student's guide to acing your extended essay and theory of knowledge / _cAlexander Zouev. |
||
| 260 |
_aUnited States : _bZouev Publishing, _cc2009. |
||
| 300 |
_a112 p. : _c21 cm. |
||
| 562 | _e1 | ||
| 650 | _aEssay. | ||
| 650 | _aTheory of knowledge. | ||
| 650 | _a International Baccalaureate. | ||
| 942 |
_2lcc _cBK |
||
| 999 |
_c3068 _d3068 |
||